<?xml version="1.0" encoding="UTF-8"?>
<record
    xmlns:xsi="http://www.w3.org/2001/XMLSchema-instance"
    xsi:schemaLocation="http://www.loc.gov/MARC21/slim http://www.loc.gov/standards/marcxml/schema/MARC21slim.xsd"
    xmlns="http://www.loc.gov/MARC21/slim">

  <leader>02570nam a22002534a 4500</leader>
  <controlfield tag="003">BOLpUSFA</controlfield>
  <controlfield tag="005">20260407143953.0</controlfield>
  <controlfield tag="008">      t        bo     grm    001 | spa||</controlfield>
  <datafield tag="040" ind1=" " ind2=" ">
    <subfield code="a">BOLpUSFA</subfield>
  </datafield>
  <datafield tag="041" ind1=" " ind2=" ">
    <subfield code="a">spa</subfield>
  </datafield>
  <datafield tag="044" ind1=" " ind2=" ">
    <subfield code="a">BO</subfield>
  </datafield>
  <datafield tag="082" ind1=" " ind2=" ">
    <subfield code="a">ICO0046</subfield>
    <subfield code="b">R696ePG</subfield>
  </datafield>
  <datafield tag="100" ind1=" " ind2=" ">
    <subfield code="a">Rodr&#xED;guez Nina, Marco Antonio</subfield>
  </datafield>
  <datafield tag="245" ind1=" " ind2=" ">
    <subfield code="a">Estudio de factibilidad para la creaci&#xF3;n de una Empresa Constructora en el Distrito 8, de la ciudad de El Alto.</subfield>
  </datafield>
  <datafield tag="260" ind1=" " ind2=" ">
    <subfield code="a">El Alto: </subfield>
    <subfield code="b">Universidad Privada San Francisco de As&#xED;s. Carrera de Ingenier&#xED;a Comercial, </subfield>
    <subfield code="c">2025</subfield>
  </datafield>
  <datafield tag="300" ind1=" " ind2=" ">
    <subfield code="a">173 p. </subfield>
  </datafield>
  <datafield tag="502" ind1=" " ind2=" ">
    <subfield code="a">Modalidad: Proyecto de Grado - 
Tutora: Lic. Melody Mariel Vicente Canaviri</subfield>
  </datafield>
  <datafield tag="520" ind1=" " ind2=" ">
    <subfield code="a">El  presente  estudio  de  factibilidad  tiene  como  objetivo  evaluar  la  creaci&#xF3;n  de  una 
empresa  constructora  en  el  Distrito  8  de  la  ciudad  de  El  Alto,  una  zona  que  ha 
experimentado un notable crecimiento poblacional y expansi&#xF3;n urbana en los &#xFA;ltimos 
a&#xF1;os.  Este  dinamismo  ha  generado  una  creciente  demanda  de  servicios  b&#xE1;sicos, 
principalmente en el &#xE1;mbito de la construcci&#xF3;n de viviendas, lo que representa una 
oportunidad concreta de inversi&#xF3;n en el sector. 

La  investigaci&#xF3;n  se  desarroll&#xF3;  aplicando  una  metodolog&#xED;a  integral  que  incluy&#xF3;  el 
an&#xE1;lisis  de  mercado,  la  evaluaci&#xF3;n  t&#xE9;cnica  y  operativa,  el  dise&#xF1;o  de  estrategias  de 
marketing, y un estudio econ&#xF3;mico-financiero. Con base en la capacidad de inversi&#xF3;n 
y  operaci&#xF3;n disponible,  se  proyect&#xF3;  una  captaci&#xF3;n  inicial  moderada  que  permita  un 
ingreso progresivo y sostenible al mercado, alineado con las condiciones reales del 
entorno. 

En el an&#xE1;lisis financiero, se utilizaron costos reales (sin ajuste por inflaci&#xF3;n), con un 
horizonte temporal de 5 a&#xF1;os y una tasa de descuento del 30%, expresando todos los 
valores en bolivianos (Bs). Los resultados muestran un Valor Actual Neto (VAN) de 
107.581,15 Bs y una Tasa Interna de Retorno (TIR) del 41%, superando el rendimiento 
m&#xED;nimo  esperado.  El  punto  de  equilibrio  se  encuentra  por  debajo  de  la  capacidad 
operativa proyectada, reforzando la viabilidad del negocio. 

En  conclusi&#xF3;n,  el  proyecto  demuestra  ser  rentable,  sostenible  y  estrat&#xE9;gicamente 
alineado con la demanda habitacional del Distrito 8, contribuyendo as&#xED; al desarrollo 
urbano de El Alto.. 
 

</subfield>
  </datafield>
  <datafield tag="650" ind1=" " ind2=" ">
    <subfield code="a">Ingenier&#xED;a Comercial </subfield>
  </datafield>
  <datafield tag="650" ind1=" " ind2=" ">
    <subfield code="a">Proyecto de Grado </subfield>
  </datafield>
  <datafield tag="650" ind1=" " ind2=" ">
    <subfield code="a">Estudio de factibilidad</subfield>
  </datafield>
  <datafield tag="650" ind1=" " ind2=" ">
    <subfield code="a">Empresas constructoras</subfield>
  </datafield>
  <datafield tag="942" ind1=" " ind2=" ">
    <subfield code="2">ddc</subfield>
    <subfield code="c">TE</subfield>
    <subfield code="z">LLO</subfield>
  </datafield>
  <datafield tag="999" ind1=" " ind2=" ">
    <subfield code="c">9682</subfield>
    <subfield code="d">9682</subfield>
  </datafield>
  <datafield tag="952" ind1=" " ind2=" ">
    <subfield code="0">0</subfield>
    <subfield code="1">0</subfield>
    <subfield code="2">ddc</subfield>
    <subfield code="4">0</subfield>
    <subfield code="7">0</subfield>
    <subfield code="8">2</subfield>
    <subfield code="a">BEA</subfield>
    <subfield code="b">BEA</subfield>
    <subfield code="c">3</subfield>
    <subfield code="d">2026-03-25</subfield>
    <subfield code="e">4</subfield>
    <subfield code="l">0</subfield>
    <subfield code="o">ICO0046 R696ePG</subfield>
    <subfield code="p">BEA01530</subfield>
    <subfield code="r">2026-03-25</subfield>
    <subfield code="w">2026-03-25</subfield>
    <subfield code="y">TE</subfield>
  </datafield>
</record>
